000 00770nam a22002177a 4500
005 2008102004404.0
008 081020t xxu||||| |||| 00| 0 eng d
010 _aENG-84138
020 _a8178271303
020 _c900.00 (hb)
035 _aEN-67671
082 _a328.334 / IQB
100 _aIqbal A Ansari
245 _aPolitical representation of Muslims in India:
_b(1952-2004) /
_cby Iqbal A Ansari
260 _aDelhi
_bManak Publications
260 _c2006
300 _axxii,418p
_c25cm
500 _aIncludes bibliographical references and index
942 _2ddc
_cEN
_h328.334
_mIQB
999 _c17102
_d17102